[Event "POL-chT U20 2nd League"]
[Site "Szczyrk"]
[Date "2017.07.24"]
[Round "3.76"]
[White "Dixa, Joanna"]
[Black "Tomaszek, Katarzyna"]
[Result "1-0"]
[WhiteElo "1301"]
[BlackElo "1117"]
[PlyCount "91"]
[EventDate "2017.07.22"]
[EventType "team-swiss"]
[EventRounds "11"]
[EventCountry "POL"]
[SourceTitle "EXT 2019"]
[Source "ChessBase"]
[SourceDate "2018.10.10"]
[SourceVersion "1"]
[SourceVersionDate "2018.10.10"]
[SourceQuality "1"]

1. e4 d5 2. exd5 Nf6 3. Nf3 Nxd5 4. d4 Bg4 5. Be2 Nc6 6. c3 e6 7. 0-0 Bd6 8. Nbd2 0-0 9. Nc4 Nf4 10. Nxd6 Nxe2+ 11. Qxe2 Qxd6 12. Qe4 Bf5 13. Qh4 h6 14. Bf4 Qd5 15. Qg3 Kh7 16. Bxc7 Rac8 17. Bf4 b5 18. Rfe1 b4 19. Ne5 Nxe5 20. Bxe5 f6 21. Bd6 bxc3 22. Bxf8 Rxf8 23. bxc3 Rc8 24. Qe3 Qa5 25. Rec1 g5 26. c4 Qa4 27. Qb3 Qc6 28. Qb5 Qe4 29. Qd7+ Kg6 30. Qxc8 Qxd4 31. Qg8+ Kh5 32. Qf7+ Bg6 33. Qxe6 Qg4 34. Qxg4+ Kxg4 35. c5 Bf5 36. Rc4+ Kh5 37. g4+ Kg6 38. gxf5+ Kxf5 39. c6 Kg6 40. c7 a5 41. c8Q f5 42. Qe8+ Kg7 43. Rc7+ Kf6 44. Rc6+ Kg7 45. Qd7+ Kg8 46. Rc8# 1-0